000 00700nam a2200241Ia 4500
003 OSt
005 20220928114735.0
006 a|||||r|||| 00| 0
007 ta
008 220927b |||||||| |||| 00| 0 eng d
024 _a76816
037 _cTextual
040 _aSDCL
_cSDCL
_beng
041 _2eng
_aeng
082 _aY:45111, M1
100 _aDecatanzaro Denys
_9440712
245 0 _aSuicide and self- damaging behavior
_b A sociobiological perspective.
260 _aNew York
_b Academic Press
_c1981
300 _ax,246p
_ccm.
490 _aPersonality and psychopathology no 28
942 _hY:45111, M1
_cTEXL
_2CC
999 _c756244
_d756244